[Event "Let's Play Chess!"]
[Site "http://www.queenalice.com/game.php?id=1857942"]
[Date "2025.5.28"]
[Round "-"]
[White "Winslow"]
[Black "igor12345"]
[Result "0-1"]
[WhiteElo "1558"]
[BlackElo "1964"]

1. d4 d5 2. Nf3 Nf6 3. e3 Bg4 4. Be2 e6 5. Nbd2 c5 6. c4 Qa5 7. O-O Bd6 8. h3
Bh5 9. Ne5 Bxe2 10. Qxe2 O-O 11. Nb3 Qc7 12. Bd2 Ne4 13. f4 Ng3 14. Qf3 Ne4 15.
Be1 f6 16. Nd3 cxd4 17. Nxd4 Qxc4 18. Qe2 Nc5 19. Rd1 Nbd7 20. b4 Nxd3 21. Qxd3
Rfe8 22. Bc3 Rac8 23. a3 Qxc3 24. Qxc3 Rxc3 25. Nb5 Rc6 26. Nxa7 Rb6 27. Rc1 Kf8
28. Nc8 Ra6 29. Nxd6 Rxd6 30. a4 Nb6 31. a5 Nc4 32. Rfe1 f5 33. h4 Ra8 34. g3
Ke7 35. Kf2 b6 36. Ra1 bxa5 37. bxa5 Rxa5 38. Rxa5 Nxa5 39. Rd1 Rb6 40. Rd2 Rb5
41. Rc2 Nc4 42. Re2 Rb2 43. Rxb2 Nxb2 44. Ke2 Kd6 45. Kd2 Kc5 46. Kc3 Nc4 47.
Kd3 Nd6 48. Ke2 Kc4 49. Kf3 h5 50. Kf2 Kd3 51. Kf3 g6 52. Kf2 Nc4 53. Kf3 Nxe3
0-1

[Event "Let's Play Chess!"]
[Site "http://www.queenalice.com/game.php?id=1858093"]
[Date "2025.5.31"]
[Round "-"]
[White "Mlintz"]
[Black "Winslow"]
[Result "1-0"]
[WhiteElo "1867"]
[BlackElo "1555"]

1. e4 d6 2. d4 g6 3. Nc3 Nf6 4. Be2 Bg7 5. h4 c6 6. Bf3 h5 7. Bd2 a6 8. Nge2 Be6
9. Ng3 Qb6 10. Bc1 Nbd7 11. Nge2 O-O-O 12. b3 Ng4 13. Bb2 Kc7 14. g3 Bf6 15.
Bxg4 Bxg4 16. Qd3 Kb8 17. O-O-O c5 18. d5 Ne5 19. Qd2 Rh7 20. Rdf1 Nf3 21. Qe3
Rc8 22. Ng1 Nxg1 23. Rhxg1 Qa5 24. Kb1 b5 25. a3 Bd7 26. f4 e6 27. e5 dxe5 28.
fxe5 Be7 29. d6 Bf8 30. Na2 Bh6 31. Qf2 Qb6 32. Nc3 Rf8 33. Qe2 Ka7 34. Rf2 Qb7
35. Rgf1 Qc6 36. Rf6 Bg7 37. Rxf7 Rxf7 38. Rxf7 Kb6 39. Ne4 a5 40. Nf6 Bxf6 41.
Rxh7 Bd8 42. Rh8 Be8 43. Qf2 Qd7 44. Qf8 Kc6 45. Qxe8 Qxe8 46. Rxe8 Kd7 47. Rg8
a4 48. Rxg6 1-0

[Event "Let's Play Chess!"]
[Site "http://www.queenalice.com/game.php?id=1858094"]
[Date "2025.5.31"]
[Round "-"]
[White "Winslow"]
[Black "Mlintz"]
[Result "0-1"]
[WhiteElo "1554"]
[BlackElo "1850"]

1. d4 e6 2. Nf3 d6 3. e3 Nf6 4. Bd3 h6 5. c4 c5 6. Nbd2 d5 7. Ne5 cxd4 8. exd4
Nc6 9. Nxc6 bxc6 10. Qa4 Bd7 11. c5 a5 12. O-O Qc7 13. Nf3 Bc8 14. Bd2 Ba6 15.
Bxa6 Rxa6 16. b4 Ne4 17. Be3 Be7 18. a3 O-O 19. b5 cxb5 20. Qxb5 Rfa8 21. a4 Bf6
22. Rac1 Rc6 23. Rc2 Rb8 24. Qd3 Rb4 25. Ra2 Qb7 26. h3 Rb3 27. Qc2 Nc3 28. Raa1
Ne4 29. Rfb1 Rxb1+ 30. Rxb1 Qa8 31. Rb5 Bd8 32. Ne5 Rc8 33. g3 Nd6 34. h4 Nxb5
35. axb5 Qb8 36. b6 Bxb6 37. Nd7 Qb7 38. Nxb6 Qxb6 39. Qc1 Qb3 40. Kg2 a4 41.
Qf1 a3 42. Qa1 Qb2 43. Qc1 Kf8 44. Bd2 Qxc1 45. Bxc1 a2 46. Bb2 Rb8 47. Bc3 Rb1
48. c6 Ke8 49. c7 Kd7 50. Ba5 a1=Q 51. c8=Q+ Kxc8 0-1

[Event "Let's Play Chess!"]
[Site "http://www.queenalice.com/game.php?id=1858117"]
[Date "2025.6.1"]
[Round "-"]
[White "Winslow"]
[Black "igor12345"]
[Result "0-1"]
[WhiteElo "1561"]
[BlackElo "1983"]

1. d4 d5 2. Bf4 Nf6 3. Nf3 e6 4. e3 a6 5. Bd3 c5 6. c3 c4 7. Be2 Nc6 8. Nbd2 Bd6
9. Bxd6 Qxd6 10. Qc2 b5 11. O-O O-O 12. h3 Bd7 13. Rad1 Ne8 14. Ng5 f5 15. f4
Ne7 16. Rf3 h6 17. Rg3 hxg5 18. Rxg5 Nf6 19. Nf1 Kf7 20. h4 Rh8 21. h5 Rh6 22.
Ng3 Nh7 23. a3 Nxg5 24. fxg5 Rhh8 25. Kf2 f4 26. g6+ Ke8 27. exf4 Qxf4+ 28. Bf3
Rf8 29. Rh1 Rh8 30. Qe2 Nf5 31. Nxf5 Qxf5 32. g4 Qg5 33. Kg3 Rf8 34. Qe5 Qxe5+
35. dxe5 Rh8 36. g5 Ke7 37. h6 Rag8 38. h7 Rf8 39. Bg4 Be8 40. Bh5 Rf5 41. Rh2
Rxg5+ 42. Kf4 Rf5+ 43. Kg4 Rxe5 44. Kf4 Rf5+ 45. Kg4 Kf6 46. Kh4 Bxg6 47. Bxg6
Kxg6 48. Kg4 Rxh7 49. Rxh7 Kxh7 0-1

[Event "Let's Play Chess!"]
[Site "http://www.queenalice.com/game.php?id=1858496"]
[Date "2025.6.9"]
[Round "-"]
[White "Charles56"]
[Black "Winslow"]
[Result "1-0"]
[WhiteElo "1923"]
[BlackElo "1583"]

1. e4 d6 2. d4 Nf6 3. Nc3 g6 4. h3 Bg7 5. Nf3 c5 6. dxc5 Nc6 7. Bb5 Bd7 8. O-O
Qc7 9. cxd6 Qxd6 10. Nd5 Nxd5 11. exd5 Nb4 12. Bc4 b5 13. Bb3 1-0

[Event "Let's Play Chess!"]
[Site "http://www.queenalice.com/game.php?id=1858497"]
[Date "2025.6.9"]
[Round "-"]
[White "Winslow"]
[Black "Charles56"]
[Result "0-1"]
[WhiteElo "1581"]
[BlackElo "1925"]

1. d4 d5 2. Nf3 Nc6 3. Bf4 Nf6 4. c3 e6 5. e3 Bd6 6. Nbd2 h6 7. Bxd6 Qxd6 8. Bd3
Bd7 9. O-O e5 10. Nxe5 Nxe5 11. dxe5 Qxe5 12. Nf3 Qd6 13. Qc2 Bg4 0-1

[Event "Let's Play Chess!"]
[Site "http://www.queenalice.com/game.php?id=1860324"]
[Date "2025.7.22"]
[Round "-"]
[White "Winslow"]
[Black "WoodpusherKid"]
[Result "0-1"]
[WhiteElo "1557"]
[BlackElo "2414"]

1. d4 g6 2. Bf4 Bg7 3. e3 d5 4. Nf3 Nf6 5. Bd3 a6 6. O-O O-O 7. Nbd2 Nh5 8. c3
Nxf4 9. exf4 Qd6 10. Ne5 f6 11. Ndc4 dxc4 12. Bxc4+ e6 13. Nd3 b5 14. Qf3 Nc6
15. Nc5 bxc4 16. Ne4 Qd5 17. Rae1 f5 18. Qh3 fxe4 19. Re3 e5 20. fxe5 Bxh3 21.
Rxh3 Rf7 22. Re3 Bh6 23. Re2 Rb8 24. h3 Rbf8 25. b3 cxb3 26. axb3 Qxb3 0-1

[Event "Let's Play Chess!"]
[Site "http://www.queenalice.com/game.php?id=1860325"]
[Date "2025.7.22"]
[Round "-"]
[White "WoodpusherKid"]
[Black "Winslow"]
[Result "1-0"]
[WhiteElo "2385"]
[BlackElo "1559"]

1. e4 d6 2. d4 Nf6 3. Nc3 g6 4. Be3 Bg7 5. Qd2 O-O 6. O-O-O c5 7. dxc5 Nc6 8.
Bc4 Be6 9. Bxe6 fxe6 10. Nf3 b6 11. cxd6 exd6 12. Qxd6 Qxd6 13. Rxd6 Nd8 14. h3
h6 15. e5 Nd5 16. Nxd5 exd5 17. Rxg6 Re8 18. Bxh6 Ne6 19. Ng5 Kh8 20. Rxe6 Rxe6
21. Bxg7+ Kxg7 22. Nxe6+ 1-0

[Event "Challenge"]
[Site "http://www.queenalice.com/game.php?id=1860898"]
[Date "2025.7.31"]
[Round "-"]
[White "Winslow"]
[Black "digger"]
[Result "0-1"]
[WhiteElo "1548"]
[BlackElo "1686"]

1. e4 e5 2. Nf3 Nc6 3. d3 d6 4. Be3 Qf6 5. Nbd2 Bg4 6. Be2 Bh5 7. O-O Nh6 8. h3
Be7 9. c4 Qe6 10. Ng5 Bxe2 11. Qxe2 Qd7 12. Qf3 f6 13. Qh5+ Kd8 14. Ngf3 Qe8 15.
Qxe8+ Kxe8 16. Rac1 Nb4 17. Bxh6 gxh6 18. b3 Nxd3 19. Rcd1 Nb4 20. a3 Nc2 21. a4
c6 22. Rc1 Nd4 23. Rcd1 Ne2+ 24. Kh2 Rg8 25. g3 h5 26. h4 Kd7 27. Rfe1 Nc3 28.
Rc1 Na2 29. Ra1 Nb4 30. Rac1 Nd3 31. Rc2 Nxe1 32. Nxe1 b6 33. Nef3 Ke6 34. Rc3
f5 35. exf5+ Kxf5 36. Re3 a6 37. Re4 Bf6 38. b4 d5 39. cxd5 cxd5 40. Re2 e4 41.
Ne1 Be5 42. Nc2 Rgc8 43. Ne3+ Ke6 44. f3 exf3 45. Nxf3 Bd6 46. Ng5+ Kd7 47. Nxd5
Rab8 48. Nxh7 b5 49. Nhf6+ Kc6 50. Rc2+ Kb7 51. Rxc8 Rxc8 52. Nxh5 bxa4 53. Nhf4
a3 0-1

[Event "Challenge"]
[Site "http://www.queenalice.com/game.php?id=1860899"]
[Date "2025.7.31"]
[Round "-"]
[White "digger"]
[Black "Winslow"]
[Result "1-0"]
[WhiteElo "1696"]
[BlackElo "1538"]

1. d4 d6 2. e4 g6 3. d5 Bg7 4. c3 Nf6 5. Bd3 Bd7 6. Bf4 O-O 7. Nf3 Bg4 8. Qc2
Qd7 9. c4 e5 10. Bg3 Bxf3 11. gxf3 Bh6 12. Bh4 Nh5 13. Nd2 Nf4 14. Rg1 Nh3 15.
Rg2 Nf4 16. Rg3 f6 17. Rg4 Bg5 18. Bxg5 fxg5 19. Rxg5 Qh3 20. O-O-O Qxh2 21. Nb3
Nh3 22. Rg4 Nxf2 23. Rgg1 Qh6+ 24. Rd2 Rxf3 25. Kb1 Nxd3 26. Rxd3 Rxd3 27. Qxd3
Nd7 28. a3 Rf8 29. Nc1 Qh2 30. Qd1 Rf2 31. Nd3 Nc5 32. Nxf2 Qxf2 33. Rf1 Qd4 34.
Qxd4 exd4 35. Kc2 d3+ 36. Kd2 Nxe4+ 37. Kd1 Nc5 38. b4 Ne4 39. Rf4 Nc3+ 40. Kd2
Ne2 41. Rf2 h5 42. Kxd3 Ng3 43. a4 h4 44. Ke3 Kg7 45. Kf3 g5 46. Kg2 Kg6 47. Kh3
Kh5 48. Rf7 g4+ 49. Kh2 Kg5 50. Rxc7 Nf5 51. Rxb7 g3+ 52. Kg2 Ne3+ 53. Kg1 Nf5
54. Rxa7 h3 55. Rh7 h2+ 56. Kh1 Kg4 57. a5 Nh4 58. a6 Kh3 59. Rxh4+ Kxh4 60. Kg2
h1=Q+ 61. Kxh1 Kh3 62. a7 g2+ 63. Kg1 Kg3 64. a8=Q 1-0

[Event "Escacs 182"]
[Site "http://www.queenalice.com/game.php?id=1861110"]
[Date "2025.8.6"]
[Round "-"]
[White "alterego"]
[Black "Winslow"]
[Result "0-1"]
[WhiteElo "1580"]
[BlackElo "1536"]

1. d4 d6 2. g3 Nf6 3. Bg2 g6 4. Nf3 Bg7 5. c4 c5 6. d5 Bf5 7. Nc3 O-O 8. O-O
Nbd7 9. Nh4 Ne5 10. Nxf5 gxf5 11. e4 Nxe4 12. Nxe4 fxe4 13. Bxe4 e6 14. dxe6
fxe6 15. Bxb7 Rb8 16. Bg2 Nxc4 17. Qg4 d5 18. Qxe6+ Kh8 19. Bf4 Rxb2 20. Rad1
Bd4 21. Bxd5 Rf6 22. Qg4 Qxd5 23. Qc8+ Kg7 24. Qg4+ Rg6 25. Qh4 Rxa2 26. Qe7+
Qf7 27. Qxf7+ Kxf7 28. Rb1 Rb2 29. Ra1 a5 30. Ra4 Rb4 31. Ra2 Re6 32. Kg2 Rb2
33. Rxb2 Nxb2 34. Ra1 Nc4 35. Ra4 Ra6 36. Rxc4 a4 37. Rc2 a3 38. Ra2 Bb2 39. Bd6
Rxd6 0-1